Catégories non-abéliennes /
Guardado en:
| Autor Principal: | |
|---|---|
| Formato: | Libro |
| Idioma: | French |
| Publicado: |
Montréal :
Presses de l'Université de Montréal,
1967.
|
| Edición: | 2e éd. multigraphiée. |
| Series: | Séminaire de mathématiques supérieures ;
10 |
| Etiquetas: |
Agregar Etiqueta
Sin Etiquetas, Sea el primero en etiquetar este registro!
|
| LEADER | 01265nam a22002295 4500 | ||
|---|---|---|---|
| 001 | MAT.inmabb001922 | ||
| 008 | 840828s1967####quc######b####000#0#fre#d | ||
| 005 | 20130226174300.0 | ||
| 245 | 1 | 0 | |a Catégories non-abéliennes / |c par Peter Hilton ; [suivi de textes de Tudor Ganea ... et al.]. |
| 250 | |a 2e éd. multigraphiée. | ||
| 260 | |a Montréal : |b Presses de l'Université de Montréal, |c 1967. | ||
| 300 | |a 151 p. ; |c 28 cm. | ||
| 440 | 0 | |a Séminaire de mathématiques supérieures ; |v 10 | |
| 500 | |a Cab. de portada: Université de Montréal. Département de mathématiques. | ||
| 500 | |a "Notes du cours donné ... à la 3e session du Séminaire de mathématiques supérieures de l'Université de Montréal, tenue l'été 1964." | ||
| 504 | |a Incluye bibliografías. | ||
| 505 | 0 | 0 | |t Catégories non-abéliennes / |r Peter J. Hilton -- |t La suspension en homologie et homotopie / |r Tudor Ganea -- |t Comparaison de la résolution simpliciale à la bar-résolution / |r Heinrich Kleisli -- |t Catégories multiplicatives et catégories primitives / |r J.-M. Maranda -- |t Structures différentiables / |r Howard A. Osborn. |
| 510 | 4 | |a MR, |c 39 #5648 | |
| 100 | 1 | |a Hilton, Peter John. | |
| 084 | |a 18.00 (53.00) |2 MR | ||
| 010 | |a 76353972 | ||
| 859 | |h 18 |i H656 |p A-3190 |b BIB. MATEMATICA | ||
